| 000 | 01202aam a2200313 i 4500 | ||
|---|---|---|---|
| 999 |
_c45745 _d45745 |
||
| 001 | 19380 | ||
| 003 | CO-MdFUSB | ||
| 005 | 20180731120539.0 | ||
| 008 | 180731t1964 enk||||g |||| 00| 0 eng d | ||
| 040 |
_aCO-MdFUSB _bspa _cCO-MdFUSB _dCO-MdFUSB _erda |
||
| 041 | _aeng | ||
| 082 |
_224 _aG 230.0415 _bW594t |
||
| 100 | 1 |
_aWhiteley, D. E. H. _eautor |
|
| 245 | 0 | 4 |
_aThe theology of St. Paul _c/ D. E. H. Whiteley |
| 264 | 1 |
_aOxford, England : _bBasil Blackwell, _c℗1964 |
|
| 264 | 4 | _c©1964 | |
| 300 |
_axvi, 295 páginas _c; 22 cm |
||
| 336 |
_2rdacontent _atexto _btxt |
||
| 337 |
_2rdamedia _asin mediación _bn |
||
| 338 |
_2rdacarrier _avolumen _bnc |
||
| 501 | _aIncluye índices (páginas 283-295) | ||
| 504 | _aBibliografía (p. 277- 282) | ||
| 505 | 0 | _aEl fondo de la teología de San Pablo -- El orden creado -- La caída y sus resultados -- Preparación para el evangelio -- El Señor y el Espíritu -- Toda la obra de Cristo -- Cómo la obra de Cristo afecta a la humanidad -- Iglesia y ministerio -- Moralidad -- Escatología | |
| 563 | _aPasta dura | ||
| 630 | 0 | 7 |
_aBiblia. _pNuevo Testamento |
| 650 | 7 |
_9320 _aTeología bíblica |
|
| 942 | _cBK | ||